000 06263naa a2200553 4500
005 20090515150512.0
008 090515t xxu||||| |||| 00| 0 eng d
010 _aENG-93530
020 _c895.00
_a8172746113
035 _aEN-77063
035 _aB-359937-959
037 _bDBAD / PUB
037 _bNabhi Publications
040 _adpl
_bEnglish
082 _a342.082
245 _aNabhi's handbook of visa information:
_ccompiled by Munish Jain
_ban encyclopaedia of rules, regulations and documents required by various Embassies under different categories of visa
260 _aNew Delhi
_bNabhi Publications
_c2007
270 _aP.O. Box No. 37,
_bNew Delhi
_e110001
300 _axxxviii, 990p.
_c23cm(pbk)
_eCD-ROM
650 _aVisas
700 _aJain, Munish
942 _adpl
_cEN
_2ddc
_mNAB
_h342.082
999 _c26434
_d26434